000
00296 a2200121 4500
000
nam a22 7a 4500
005
20251205115115.0
020
_a
9789773766781
100
_a
Markaiz, Jabreel Jarsiya
_9
854824
245
_a
Zakirah nisai al-hazeenat
260
_b
Al-walid
_c
2012
942
_c
TB
999
_c
1465958
_d
1465958